Muicipalities of San Marino Map Quiz - Statistics

General Stats
  • This quiz has been taken 155 times
  • The average score is 5 of 9
Answers on the Map
Answers color-coded by a green-red scale on the quiz's map according to % correct below.
 
Answer Stats
Answer % Correct
City of San Marino
83%
Acquaviva
62%
Serravalle
56%
Borgo Maggiore
48%
Faetano
42%
Fiorentino
42%
Chiesanuova
41%
Domagnano
41%
Montegiardino
35%
No matching quizzes found
Score Distribution
Percent of People with Each Score
Percentile by Number Answered
Your Score History
You have not taken this quiz